Liaisons No 47 (Record no. 2245)

MARC details
000 -LEADER
fixed length control field 00636nas a2200205 4500
008 - FIXED-LENGTH DATA ELEMENTS--GENERAL INFORMATION
fixed length control field s2007 le fre u
040 ## - CATALOGING SOURCE
Original cataloging agency LB-BrCRDP
082 1# - DEWEY DECIMAL CLASSIFICATION NUMBER
Classification number 070.4
Item number LIA
245 10 - TITLE STATEMENT
Title Liaisons No 47
Remainder of title Revue pédagogique et culturelle
260 ## - PUBLICATION, DISTRIBUTION, ETC.
Place of publication, distribution, etc. Beyrouth
Name of publisher, distributor, etc. Ministère de l'éducation et de l'enseignement supérieur
Date of publication, distribution, etc. Avril 2007
300 ## - PHYSICAL DESCRIPTION
Extent 40 p.
Dimensions 29 cm
500 ## - GENERAL NOTE
General note Sommaire.
650 4# - SUBJECT ADDED ENTRY--TOPICAL TERM
Topical term or geographic name entry element Projet d'établissement
650 4# - SUBJECT ADDED ENTRY--TOPICAL TERM
Topical term or geographic name entry element Didactique et formation
650 4# - SUBJECT ADDED ENTRY--TOPICAL TERM
Topical term or geographic name entry element Psychosociologie
650 4# - SUBJECT ADDED ENTRY--TOPICAL TERM
Topical term or geographic name entry element Projet d'enseignement
650 4# - SUBJECT ADDED ENTRY--TOPICAL TERM
Topical term or geographic name entry element Discours
942 ## - ADDED ENTRY ELEMENTS (KOHA)
Koha item type Continuing Resources
Holdings
Withdrawn status Lost status Source of classification or shelving scheme Damaged status Not for loan Home library Current library Shelving location Date acquired Source of acquisition Cost, normal purchase price Total Checkouts Full call number Barcode Date last seen Copy number Price effective from Koha item type
    Dewey Decimal Classification     مكتبة دار المعلمين و المعلمات - زحلة مكتبة دار المعلمين و المعلمات - زحلة Salle de Lecture 06/06/2007 CRDP 0.00   070.4 LIA CRZ2298 07/27/2016 1 07/27/2016 Continuing Resources